Recent advances in reliability theory : methodology, practice, and inference

Αποθηκεύτηκε σε:
Λεπτομέρειες βιβλιογραφικής εγγραφής
Άλλοι συγγραφείς: Λημνιός, Νικόλαος (Επιμελητής έκδοσης), Nikulin, Mikhail Stepanovich (Επιμελητής έκδοσης)
Μορφή: Βιβλίο
Γλώσσα:English
Δημοσίευση: Boston : Birkhauser, 2000
Σειρά:Statistics for industry and technology
Θέματα:
Ετικέτες: Προσθήκη ετικέτας
Δεν υπάρχουν, Καταχωρήστε ετικέτα πρώτοι!

MARC

LEADER 00000nam a2200000 i 4500
001 1/51199
008 070808s2000 eng d
020 |a 0-8176-4135-1 
035 |l 10089657 
040 |a GR-MY-UA  |b gre  |e aacr 
041 0 |a eng 
082 0 |a 620.00452  |2 (22) 
245 1 0 |a Recent advances in reliability theory :  |b methodology, practice, and inference /  |c N. Limnios, M. Nikulin, editors 
260 |a Boston :   |b Birkhauser,   |c 2000 
300 |a xxiv, 514 σ.;  |b εικ.;  |c 26 εκ. 
490 1 |a Statistics for industry and technology 
504 |a Περιλαμβάνει βιβλιογραφίες 
650 0 0 |a Reliability (Engineering)  |x Mathematical models. 
650 0 0 |a Stochastic processes. 
700 1 |a Λημνιός, Νικόλαος.  |4 edt 
700 1 |a Nikulin, Mikhail Stepanovich.  |4 edt 
830 0 |a Statistics for industry and technology 
852 |a INST  |b CHIOS  |e 20070808  |h 620.00452 REC  |p 005200025803  |q 005200025803  |t BK  |y 0 
901 |a BIBL2-2007-2 
909 |a Χ  |b 136928 
922 |a 2ΕΛΗ  |b 200707  |c ΕΠΕΑΕΚ2/ΤΜΟΔ  |d ΠΑΠΑΣΩΤΗΡΙΟΥ 
970 |a ΒΑΡΦΗΣ  |b ΒΑΓΓΕΛΗΣ  |z 2007/08/08